000 00680nam a2200205Ia 4500
003 GCL
008 140319s9999 xx 000 0 ara d
040 _aGCL /
_cGCL
082 0 4 _a361.4
_bس ط
100 1 _aسمير حسن منصور
245 1 0 _aطريقة العمل مع الجماعات : مفاهيم اساسية ومواقف تطبيقية /
_cسمير حسن منصور
260 _a[S.N] :
_bالمكتب الجامعى الحديث ،
_c1991
300 _a289 ص
490 _a
650 0 4 _aخدمة الفرد
650 0 4 _aالخدمة الاجتماعية
650 0 4 _aخدمة الجماعة
650 0 4 _aالعمل الجماعى
942 _2ddc
_cBK
999 _c55777
_d55777